Loading...
| Social Science | 0 | 2 | 0 | 0 | 20 | 72 | 87.00 | 0 | 0 |
| History - European History | 0 | 2 | 0 | 0 | 20 | 58 | 79.50 | 0 | 0 |
| Literature - World Literature | 0 | 2 | 0 | 0 | 20 | 113 | 113.50 | 0 | 0 |
| Philosophy | 0 | 2 | 0 | 0 | 20 | 87 | 90.00 | 0 | 1 |
| History - World History | 0 | 2 | 1 | 0 | 15 | 57 | 68.50 | 0 | 1 |
| Painting/Sculpture | 0 | 1 | 0 | 0 | 10 | 63 | 63.00 | 0 | 0 |
| Pop Culture | 0 | 1 | 0 | 0 | 10 | 51 | 51.00 | 0 | 1 |
| Religion | 0 | 1 | 0 | 0 | 10 | 100 | 100.00 | 0 | 0 |
| Science - Biology | 0 | 1 | 0 | 0 | 10 | 64 | 64.00 | 0 | 0 |
| History - Other History | 0 | 2 | 2 | 0 | 10 | 80 | 85.50 | 0 | 2 |
| Fine Arts - Classical Music | 0 | 0 | 0 | 0 | 0 | 0.00 | 0 | 0 | |
| Science - Other Science | 0 | 0 | 2 | 0 | -10 | 0.00 | 0 | 0 |